000 00220 a2200097 4500
001 15112
100 _aIngram David
245 _aThe communist eco challenge
260 _aLondon
_bGeorge Allen
_c
090 _c11862
_d11862
942 _aNUST-CAE
_cM
_c2072
999 _c250185
_d250185